V juegos florales : (Record no. 3046)
[ view plain ]
| 000 -LEADER | |
|---|---|
| campo de control de longitud fija | 00754nam a22002417a 4500 |
| 003 - IDENTIFICADOR DE NÚMERO DE CONTROL | |
| campo de control | OSt |
| 005 - FECHA Y HORA DE LA ÚLTIMA TRANSACCIÓN | |
| campo de control | 20150124113316.0 |
| 008 - DATOS DE LONGITUD FIJA--INFORMACIÓN GENERAL | |
| campo de control de longitud fija | 140127b mx||||| |||| 00| 0 spa d |
| 020 ## - NÚMERO INTERNACIONAL ESTÁNDAR DEL LIBRO | |
| Número Internacional Estándar del Libro | 9686670904 |
| 040 ## - FUENTE DE CATALOGACIÓN | |
| Centro/agencia transcriptor | UMSNH |
| 050 ## - SIGNATURA TOPOGRÁFICA DE LA BIBLIOTECA DEL CONGRESO | |
| Número de clasificación | PQ7251 |
| Número de ítem | J84 1991 |
| 100 1# - ENTRADA PRINCIPAL--NOMBRE DE PERSONA | |
| Nombre de persona | Mendiola, Antonio |
| 245 10 - MENCIÓN DEL TÍTULO | |
| Título | V juegos florales : |
| Resto del título | Morelia, Michoacan / |
| Mención de responsabilidad, etc. | Antonio Mendiola, Luis Arceo Preciado, Alejandro Delgado. |
| 250 ## - MENCION DE EDICION | |
| Mención de edición | 1a ed. |
| 260 ## - PUBLICACIÓN, DISTRIBUCIÓN, ETC. | |
| Lugar de publicación, distribución, etc. | Morelia, Michoacán : |
| Nombre del editor, distribuidor, etc. | Gobierno del Estado, IMC, Ayuntamiento de Morelia, |
| Fecha de publicación, distribución, etc. | 1991 |
| 300 ## - DESCRIPCIÓN FÍSICA | |
| Extensión | 35 p. ; |
| Dimensiones | 21 cm. |
| 440 #4 - MENCIÓN DE SERIE/PUNTO DE ACCESO ADICIONAL--TÍTULO | |
| Título | Los Tejedores, segunda |
| 650 #4 - PUNTO DE ACCESO ADICIONAL DE MATERIA--TÉRMINO DE MATERIA | |
| Término de materia o nombre geográfico como elemento de entrada | Poesia mexicana |
| 650 #4 - PUNTO DE ACCESO ADICIONAL DE MATERIA--TÉRMINO DE MATERIA | |
| Término de materia o nombre geográfico como elemento de entrada | Poetas michoacanos |
| 700 1# - ENTRADA AGREGADA--NOMBRE PERSONAL | |
| Nombre de persona | Arceo Preciado, Luis, |
| 700 1# - ENTRADA AGREGADA--NOMBRE PERSONAL | |
| Nombre de persona | Delgado, Alejandro |
| 942 ## - ELEMENTOS DE ENTRADA SECUNDARIOS (KOHA) | |
| Fuente del sistema de clasificación o colocación | Biblioteca del Cogreso de los Estados Unidos |
| Tipo de ítem Koha | Libro |
| Estatus retirado | Estado de pérdida | Fuente del sistema de clasificación o colocación | Estado de daño | No para préstamo | Biblioteca de origen | Biblioteca actual | Ubicación en estantería | Fecha de adquisición | Información codificada de la localización en otra ubicación | Número de inventario | Signatura topográfica completa | Código de barras | Visto por última vez | Copia número | Precio de reemplazo | Tipo de ítem Koha |
|---|---|---|---|---|---|---|---|---|---|---|---|---|---|---|---|---|
| Biblioteca del Cogreso de los Estados Unidos | Hemeroteca Pública Universitaria "Mariano de Jesus Torres" | Hemeroteca Pública Universitaria "Mariano de Jesus Torres" | General | 27/01/2014 | 1 | T | PQ7251 J84 1991 | HPU000001317 | 27/01/2014 | 1 | 27/01/2014 | Libro | ||||
| Biblioteca del Cogreso de los Estados Unidos | Hemeroteca Pública Universitaria "Mariano de Jesus Torres" | Hemeroteca Pública Universitaria "Mariano de Jesus Torres" | General | 27/01/2014 | 1 | T | PQ7251 J84 1991 | HPU000001318 | 27/01/2014 | 2 | 27/01/2014 | Libro |